00482 2200193 4500001002100000005001500021008004100036020001800077035002500095041000800120082001000128090001000138100001100148245003600159250001600195260002900211300003300240650001500273INLIS00000000001758220130516040038 ind  a979-3785-42-x a0010-051300000017582 aind a297.0 a297.0 aHanna, aCara Mudah Menggapai Pahala c.2 aCetakan : 1 aJakartabCakrawalac2006 axi, 128 hlm. : ilus. ;18 cm. aIslam Umum